| 000 | 00605nam a2200181 i 4500 | ||
|---|---|---|---|
| 001 | 152068 | ||
| 003 | ES-MaACL | ||
| 005 | 20250822235312.0 | ||
| 008 | 000810s1858 fr a |||| | fre d | ||
| 100 | 1 |
_aBeulé, Charles Ernest, _d1826-1874 _9147516 |
|
| 245 | 1 | 4 |
_aLes monnaies d'Athenes / _cpar É. Beulé. |
| 260 |
_aParis : _bRollín, _c1858 ( _fFirmin Didot Freres, fils et Cie.) |
||
| 300 |
_a417 p. : _bil. ; _c31 cm. |
||
| 650 | 7 |
_aNumismática griega _2embne _9163048 |
|
| 650 | 4 |
_aMonedas griegas. _9166451 |
|
| 852 |
_aES-MaACL _jF-13862 _z- Enc. hol. grab. |
||
| 999 |
_c152068 _d152068 |
||